| 000 | 00517nam a2200217Ia 4500 | ||
|---|---|---|---|
| 003 | 0100 | ||
| 008 | 130303s9999 xx 000 0 und d | ||
| 020 | _a053425554X | ||
| 040 | _cARRUPELIB | ||
| 050 | _aB29.E96 1996 | ||
| 245 | 4 | _aThe experience of philosophy | |
| 250 | _a3rd. ed. | ||
| 260 | _aBelmont | ||
| 260 | _bWadsworth Publishing Company | ||
| 260 | _C1996 | ||
| 300 | _ax | ||
| 300 | _b 630p. 24cm | ||
| 650 | _aPHILOSOPHY | ||
| 700 | _aKolak, Daniel; Martin, Raymond (ed.) | ||
| 942 | 0 | 0 | _01 |
| 999 |
_c12852 _d12852 |
||